00405nam a2200133 i 4500001000300000100002000003245005400023260001900077700002000096040000800116041000800124008004100132856009800173bg1 aLACHTIN, Ju. M. 0aMaterialovedenie /cJu.M. Lachtin, V.P. Leonteva. aMoskwa,c1972.1 aLEONTEVA, V. P. cBPK apol s pl f |000 0 pol  uhttp://koha.tu.koszalin.pl/cgi-bin/koha/opac-detail.pl?biblionumber=15564yKatalog online BPK